[Event "Challenge"]
[Site "http://www.queenalice.com/game.php?id=230076"]
[Date "2007.6.24"]
[Round "-"]
[White "gilsinho22"]
[Black "mosca"]
[Result "1-0"]
[WhiteElo "1500"]
[BlackElo "1377"]

1. d4 d5 2. Bf4 f6 3. e3 Nc6 4. c3 e5 5. dxe5 fxe5 6. Bg3 g5 7. Nf3 h6 8. Nxe5
Bg7 9. Bb5 Bd7 10. Ng6 Rh7 11. Qxd5 Nf6 12. Qd3 Bf5 13. Ne5 Qxd3 14. Bxd3 Bxd3
15. Nxd3 Rd8 16. Nc5 b6 17. Ne6 Rd7 18. Nxc7+ Ke7 19. O-O Ne8 20. Nxe8 Kxe8 21.
Na3 h5 22. Nb5 a6 23. Nc7+ Kf8 24. Ne6+ Ke7 25. Nxg5 Rh6 26. h4 Be5 27. f4 Bd6
28. b4 b5 29. Rf3 Kf6 30. Rd1 Kf5 31. e4+ Kg4 32. e5 Ne7 33. Nf7 Rh7 34. Nxd6
Nf5 35. Bf2 Nxh4 36. Bxh4 Kxh4 37. f5 Kg4 38. f6 h4 39. f7 Rhxf7 40. Rxf7 Rd8
41. e6 Kg5 42. e7 Rd7 43. e8=Q Rxf7 44. Nxf7+ Kf5 45. Rd4 Kg6 46. Rg4+ Kh5 47.
Rg5# 1-0

[Event "AUTO-OPEN-716"]
[Site "http://www.queenalice.com/game.php?id=231617"]
[Date "2007.6.28"]
[Round "1"]
[White "mosca"]
[Black "evasion"]
[Result "0-1"]
[WhiteElo "1478"]
[BlackElo "1550"]

1. d4 Nf6 2. Nc3 e6 3. Nh3 d5 4. e3 Bb4 5. a3 Ba5 6. b4 Bb6 7. Bb5+ Bd7 8. f4
Bxb5 9. Nxb5 Qd7 10. a4 c6 11. a5 Bd8 12. O-O cxb5 13. Qg4 Nxg4 14. c3 O-O 15.
Ba3 Nxe3 16. Rf3 Nc4 17. Bc1 f6 18. g4 Nc6 19. g5 fxg5 20. Nxg5 Bxg5 21. f5 Bxc1
22. Rxc1 Rxf5 23. Re3 Nxe3 24. Re1 Ng4 25. h3 Nh2 26. Kxh2 Qd6+ 27. Kg2 Raf8 28.
Rf1 Rxf1 29. h4 R8f2+ 30. Kh3 Qh2+ 31. Kg4 Rg1+ 32. Kh5 Rf5# 0-1

[Event "AUTO-OPEN-716"]
[Site "http://www.queenalice.com/game.php?id=231618"]
[Date "2007.6.28"]
[Round "1"]
[White "evasion"]
[Black "mosca"]
[Result "1-0"]
[WhiteElo "1639"]
[BlackElo "1430"]

1. d4 d5 2. c4 dxc4 3. Nf3 Nf6 4. Nc3 Nd5 5. e4 Nxc3 6. bxc3 Bg4 7. Be2 Nc6 8.
Be3 g6 9. h3 Bxf3 10. Bxf3 h5 11. Qa4 Qd7 12. Qxc4 Na5 13. Qe2 Bh6 14. Bxh6 Rxh6
15. O-O f5 16. exf5 gxf5 17. Bxh5+ Kd8 18. Bf3 c6 19. Rfe1 b5 20. a4 bxa4 21.
Rxa4 Nb3 22. Bxc6 Qxc6 23. Qxe7+ Kc8 24. Qe8+ Qxe8 25. Rxe8+ Kb7 26. Rb4+ Ka6
27. Rxa8 Rb6 28. Rxb6+ Kxb6 29. Rf8 a5 30. Rxf5 a4 31. g4 a3 32. Re5 Nc1 33. Re1
Nd3 34. Ra1 Nf4 35. Kh2 Kb5 36. Rxa3 Kc4 37. h4 Ne2 38. h5 Nxc3 39. h6 Nb5 40.
Rh3 Nxd4 41. h7 Ne2 42. h8=Q Nf4 43. Qc3+ Kd5 44. Rf3 Ne2 45. Qd3+ Nd4 46. Rf5+
Kd6 47. Qxd4+ Ke6 48. Qb6+ Ke7 49. g5 1-0

[Event "AUTO-OPEN-716"]
[Site "http://www.queenalice.com/game.php?id=231621"]
[Date "2007.6.28"]
[Round "1"]
[White "mosca"]
[Black "vininb"]
[Result "0-1"]
[WhiteElo "1465"]
[BlackElo "1536"]

1. d3 e5 2. Nf3 Nc6 3. e4 Bc5 4. c4 d6 5. Bg5 f6 6. Be3 Bxe3 7. fxe3 Qe7 8. h4
Bg4 9. Be2 O-O-O 10. Qa4 a6 11. b4 Bd7 12. b5 axb5 13. cxb5 Nb8 14. Qa8 Bxb5 15.
Nc3 Ba6 16. Qa7 Nc6 17. Qa8+ Kd7 18. Qxd8+ Kxd8 19. a4 Qe6 20. Rd1 f5 21. exf5
Qxf5 22. e4 Qg4 23. Rg1 Nd4 24. Nxd4 Qxh4+ 25. Kd2 exd4 26. Rh1 Qf4+ 27. Kc2
dxc3 28. Kxc3 Nf6 29. Rhf1 Nxe4+ 30. dxe4 Qe3+ 31. Kc2 Bxe2 32. Rfe1 Qc5+ 33.
Kd2 Bxd1 34. Kxd1 Re8 35. g4 Qd4+ 36. Kc2 Qxa4+ 37. Kd2 Rxe4 38. Rxe4 Qxe4 0-1

[Event "AUTO-OPEN-716"]
[Site "http://www.queenalice.com/game.php?id=231622"]
[Date "2007.6.28"]
[Round "1"]
[White "vininb"]
[Black "mosca"]
[Result "1-0"]
[WhiteElo "1621"]
[BlackElo "1433"]

1. e4 e5 2. Nf3 f6 3. d4 Nc6 4. Be3 Bb4+ 5. c3 Bd6 6. Bc4 Nge7 7. dxe5 fxe5 8.
Nbd2 Na5 9. Bd3 b6 10. b4 Nac6 11. O-O Ng6 12. a4 a5 13. b5 Nce7 14. Qc2 c5 15.
g3 h5 16. Rad1 Bb7 17. Bg5 Qc7 18. Nh4 Nxh4 19. Bxh4 Ng6 20. Nf3 Rf8 21. Be2 Be7
22. Bxe7 Kxe7 23. Ng5 Rad8 24. Bxh5 Nh8 25. Nh3 g6 26. Bg4 d5 27. exd5 Rxd5 28.
Rxd5 Bxd5 29. c4 Be6 30. Bxe6 Kxe6 31. Ng5+ Kf6 32. f4 exf4 33. Ne4+ Kg7 34.
Qc3+ Kh7 35. Nf6+ Kh6 36. Rxf4 g5 37. Ng4+ Kh5 38. Rxf8 Ng6 39. Nf6+ Kh6 40. Rg8
Qf7 41. Qf3 Ne7 42. Ng4+ Kh5 43. Qxf7+ Kxg4 44. Qxe7 Kh3 45. Qe6+ g4 46. Qxg4#
1-0

[Event "AUTO-INT-506"]
[Site "http://www.queenalice.com/game.php?id=231736"]
[Date "2007.6.28"]
[Round "1"]
[White "JusEstripador"]
[Black "mosca"]
[Result "1-0"]
[WhiteElo "1310"]
[BlackElo "1452"]

1. e4 e5 2. Nf3 Nc6 3. d3 Bb4+ 4. c3 Bc5 5. d4 exd4 6. cxd4 Bb4+ 7. Bd2 Bxd2+ 8.
Nfxd2 Nxd4 9. Nc3 Qg5 10. Nf3 Nxf3+ 11. gxf3 Qf4 12. Bc4 d6 13. Ne2 Qe5 14. f4
Qxe4 15. Qa4+ c6 16. Bxf7+ Kxf7 17. Qxe4 Nf6 18. Qc4+ d5 19. Qc5 Re8 20. O-O-O
Rxe2 21. Rhf1 Bh3 22. Rg1 a5 23. Qc3 Bg4 24. f3 Bh3 25. Qd3 Rxh2 26. Rh1 Rxh1
27. Rxh1 Re8 28. Rxh3 Re1+ 29. Kc2 h6 30. Qd2 Rg1 31. Rh2 b6 32. f5 Rg5 33. Re2
Rxf5 34. Qe3 b5 35. Qe6+ Kg6 36. Rg2+ Rg5 37. Rh2 d4 38. f4 Rh5 39. Rf2 c5 40.
f5+ Kg5 41. Qf7 Rh3 42. Qxg7+ Kh5 43. Qg6+ Kh4 44. Rf4+ Ng4 45. Qxg4# 1-0

[Event "AUTO-INT-506"]
[Site "http://www.queenalice.com/game.php?id=231737"]
[Date "2007.6.28"]
[Round "1"]
[White "mosca"]
[Black "JusEstripador"]
[Result "0-1"]
[WhiteElo "1432"]
[BlackElo "1485"]

1. d4 Nf6 2. Nf3 e6 3. Ng5 c5 4. dxc5 Bxc5 5. e3 Ne4 6. Nxe4 Bf8 7. Bb5 Qa5+ 8.
Qd2 Qxb5 9. a4 Qb4 10. Qxb4 Bxb4+ 11. c3 Be7 12. b4 f5 13. Nc5 b6 14. Nd3 Nc6
15. O-O g5 16. f4 d5 17. b5 Na5 18. Ne5 Nb3 19. Ra2 Nxc1 20. Rxc1 gxf4 21. exf4
h5 22. Ng6 Bc5+ 23. Kf1 Be3 24. Re1 Rg8 25. Rxe3 Rxg6 26. Rd2 Bb7 27. Rde2 O-O-O
28. h4 a5 29. Rxe6 Rxe6 30. Rxe6 Kc7 31. Re5 Rf8 32. Nd2 Kd6 33. Nf3 Kc5 34. Re3
Rg8 35. Re7 Ba8 36. Rc7+ Kd6 37. Rh7 Kc5 38. Rxh5 Rf8 39. Ne5 Rf6 40. g4 fxg4
41. Nxg4 Rxf4+ 42. Nf2 Kc4 43. Rh8 Bb7 44. h5 Kxc3 45. Ke2 d4 46. Rd8 Bf3+ 47.
Ke1 Kb4 48. Nd3+ Kxa4 49. Nxf4 Kxb5 50. Rxd4 a4 51. h6 a3 52. Rd2 Be4 53. Nd3
Ka4 54. Nc1 b5 55. Ke2 b4 56. Ke3 Bh7 57. Ra2 Bg8 58. Re2 b3 59. Nd3 Bh7 60. Nc1
b2 61. Re1 b1=Q 62. Ke2 Qb5+ 63. Kf2 Qf5+ 64. Ke2 Qh5+ 65. Kf1 Qxh6 66. Re7 Qf6+
67. Kg2 Qxe7 0-1

[Event "AUTO-INT-506"]
[Site "http://www.queenalice.com/game.php?id=231748"]
[Date "2007.6.28"]
[Round "1"]
[White "beginchess"]
[Black "mosca"]
[Result "0-1"]
[WhiteElo "1309"]
[BlackElo "1422"]

1. d4 d5 2. c4 dxc4 3. Nc3 Bf5 4. e3 e6 5. Bxc4 c6 6. Nf3 Nf6 7. O-O b5 8. Be2
Na6 9. a3 Qd6 10. Ne5 g6 11. Bf3 Nb8 12. Nxb5 cxb5 13. Bxa8 Ng4 14. Nxg4 Bxg4
15. Qxg4 h5 16. Qf3 Bh6 0-1

[Event "AUTO-INT-506"]
[Site "http://www.queenalice.com/game.php?id=231749"]
[Date "2007.6.28"]
[Round "1"]
[White "mosca"]
[Black "beginchess"]
[Result "1-0"]
[WhiteElo "1425"]
[BlackElo "1288"]

1. d4 d5 2. Nc3 Nf6 3. Nf3 g6 4. g3 Bg7 5. e3 O-O 6. Bb5 a6 7. Bd3 Bg4 8. h3 Bc8
9. g4 c6 10. b4 Nbd7 11. e4 dxe4 12. Nxe4 Nb6 13. Nc5 Nbd5 14. c4 Nxb4 15. Be2
b6 16. Nb3 a5 17. a4 Bb7 18. Ba3 Na6 19. Ne5 1-0

[Event "AUTO-INT-506"]
[Site "http://www.queenalice.com/game.php?id=231756"]
[Date "2007.6.28"]
[Round "1"]
[White "mosca"]
[Black "afonso_fleurs"]
[Result "0-1"]
[WhiteElo "1416"]
[BlackElo "1601"]

1. d4 d5 2. Nc3 e6 3. h4 Bb4 4. a3 Bxc3+ 5. bxc3 h6 6. e3 Nf6 7. Bb5+ c6 8. Bd3
O-O 9. Nf3 b6 10. Ne5 Bb7 11. g4 Nbd7 12. Nxd7 Qxd7 13. g5 Ne8 14. gxh6 f5 15.
hxg7 Nxg7 16. Ke2 c5 17. Rg1 c4 18. Bxc4 dxc4 19. f4 Be4 20. h5 Kf7 21. h6 Nh5
22. Rg5 Qd5 23. Rxh5 Bf3+ 24. Kd2 Bxd1 25. Rh2 Bg4 26. h7 a5 27. a4 Qf3 28. Ba3
Rh8 29. Rh6 Rab8 30. Bd6 Rb7 31. Be5 b5 32. Bxh8 bxa4 33. Be5 Qe2+ 34. Kc1 Qd1#
0-1

[Event "AUTO-INT-506"]
[Site "http://www.queenalice.com/game.php?id=231757"]
[Date "2007.6.28"]
[Round "1"]
[White "afonso_fleurs"]
[Black "mosca"]
[Result "1-0"]
[WhiteElo "1684"]
[BlackElo "1407"]

1. d4 d6 2. e4 Nc6 3. Bb5 a6 4. Bxc6+ bxc6 5. c4 c5 6. d5 e5 7. Nf3 f5 8. Nc3
fxe4 9. Nxe4 Nf6 10. Bg5 Be7 11. Nxf6+ gxf6 12. Bh6 Bg4 13. h3 Bxf3 14. Qxf3 Qd7
15. Qh5+ Kd8 16. O-O Rg8 17. a3 a5 18. f4 e4 19. f5 Bf8 20. Rae1 Bxh6 21. Qxh6
Qg7 22. Qxg7 Rxg7 23. Rxe4 Re7 24. Rfe1 Rxe4 25. Rxe4 Kd7 26. Re6 Rf8 27. g4 h6
28. Kf2 a4 29. Ke3 c6 30. Kd3 cxd5 31. cxd5 Re8 32. Kc4 Rb8 33. Rxf6 Rxb2 34.
Rxh6 Rf2 35. f6 Rf4+ 36. Kb5 c4 37. Kxa4 c3+ 38. Kb3 Rf3 39. g5 c2+ 40. Kxc2
Rxa3 41. f7 Ra8 42. g6 Rc8+ 43. Kd3 Ke7 44. Rh7 Rf8 45. g7 Rxf7 46. g8=Q Rxh7
47. Qxh7+ Kf6 48. Ke4 Kg5 49. Qf5+ Kh4 50. Qg4# 1-0

[Event "QA-ANNIV-02"]
[Site "http://www.queenalice.com/game.php?id=241920"]
[Date "2007.7.18"]
[Round "8"]
[White "giordanol"]
[Black "mosca"]
[Result "1-0"]
[WhiteElo "1754"]
[BlackElo "1379"]

1. e4 e5 2. Nf3 f6 3. d4 Nc6 4. Bb5 a6 5. Ba4 b5 6. Bb3 Nxd4 7. Nxd4 exd4 8. a4
b4 9. c3 dxc3 10. bxc3 bxc3 11. Nxc3 c5 12. Qd5 Ne7 13. Qf7# 1-0

[Event "MOVE WITH CALM"]
[Site "http://www.queenalice.com/game.php?id=246161"]
[Date "2007.7.26"]
[Round "1"]
[White "mosca"]
[Black "countdooku"]
[Result "0-1"]
[WhiteElo "1389"]
[BlackElo "1701"]

1. d4 d5 2. Nc3 Nf6 3. Nf3 e6 4. Bf4 Bb4 5. a3 Bxc3+ 6. bxc3 O-O 7. Ng5 h6 8.
Nf3 Ne4 9. Qd3 Nc6 10. Qb5 Nxc3 11. Qb4 Nxb4 12. axb4 Re8 13. Ra3 Ne4 14. b5 Bd7
15. Nd2 Nxd2 16. Bxd2 Bxb5 17. h4 e5 18. dxe5 Rxe5 19. e3 Bxf1 20. Rxf1 d4 21.
f4 Qe7 22. fxe5 Qxa3 23. g4 dxe3 24. Rf3 Re8 25. Rxe3 Rxe5 26. Rxe5 Qa1+ 27. Ke2
Qxe5+ 28. Be3 a5 29. Kd3 a4 30. Bc1 Qa5 31. Ba3 c5 32. c4 b5 33. cxb5 Qxb5+ 34.
Kd2 Qb3 35. Bxc5 a3 36. Bd4 a2 37. g5 hxg5 38. hxg5 Qb1 39. Ke3 a1=Q 40. Bxa1
Qxa1 41. Kf4 g6 42. Kg4 Qe5 43. Kh4 f6 44. gxf6 Qxf6+ 45. Kg4 Qf5+ 46. Kh4 Kf7
47. Kg3 Kf6 48. Kh4 Qg5+ 49. Kh3 Kf5 50. Kh2 Kf4 51. Kh3 Qg3# 0-1

[Event "QA-ANNIV-03"]
[Site "http://www.queenalice.com/game.php?id=246719"]
[Date "2007.7.27"]
[Round "2"]
[White "mosca"]
[Black "Chrischi"]
[Result "0-1"]
[WhiteElo "1391"]
[BlackElo "1492"]

1. d4 Nf6 2. Nc3 d5 3. Nf3 e6 4. Ne5 Bb4 5. a3 Bxc3+ 6. bxc3 Ne4 7. f3 Nxc3 8.
Qd3 Na4 9. Qb5+ Bd7 10. Nxd7 Qxd7 11. Qxd7+ Nxd7 12. e4 dxe4 13. fxe4 e5 14. d5
O-O-O 15. Bb5 Nc3 16. Bxd7+ Rxd7 17. Bb2 Nxe4 18. c4 Nc5 19. Bxe5 Re8 20. O-O-O
Rxe5 21. Rhe1 Rxe1 22. Rxe1 Nb3+ 23. Kc2 Nd4+ 24. Kc3 c5 25. Re8+ Kc7 26. h4 f5
27. Rh8 g6 28. g3 Ne2+ 29. Kd3 Nxg3 30. Ra8 a6 31. a4 Re7 32. a5 f4 33. Rf8 Nf5
34. Rf6 f3 35. Re6 Rxe6 36. dxe6 f2 37. Ke2 Nxh4 38. Kxf2 Nf5 39. Kf3 Kd6 40.
Ke4 Kxe6 41. Kf4 Kf6 42. Kg4 Ne3+ 43. Kf4 Nxc4 0-1

[Event "QA-ANNIV-03"]
[Site "http://www.queenalice.com/game.php?id=270038"]
[Date "2007.9.11"]
[Round "3"]
[White "shiguer"]
[Black "mosca"]
[Result "1-0"]
[WhiteElo "1704"]
[BlackElo "1385"]

1. e4 e5 2. d4 exd4 3. Bc4 Nf6 4. e5 Ng8 5. Qf3 d5 6. Bxd5 Be6 7. Bxb7 Nd7 8.
Bxa8 Bb4+ 9. c3 dxc3 10. bxc3 Be7 11. Qg3 Kf8 12. Bc6 h5 13. h4 f6 14. exf6 Bxf6
15. Nf3 Ne7 16. Ng5 Bxg5 17. Bxg5 Nf6 18. O-O Ne4 19. Bxe4 Qd6 20. Qf3+ Nf5 21.
Bxf5 Kf7 22. Bxe6+ Kxe6 23. Re1+ Kd7 24. Rd1 Qxd1+ 25. Qxd1+ Kc8 26. Na3 Re8 27.
Qxh5 Re5 28. Rb1 a6 29. Qg4+ 1-0

[Event "QA-ANNIV-02"]
[Site "http://www.queenalice.com/game.php?id=271723"]
[Date "2007.9.14"]
[Round "9"]
[White "mosca"]
[Black "Danado"]
[Result "1-0"]
[WhiteElo "1382"]
[BlackElo "1622"]

1. d4 d5 2. Nc3 Nf6 3. e3 Nc6 4. Bb5 a6 5. Bxc6+ bxc6 6. b4 e6 7. f4 Bxb4 8. Qd3
Ne4 9. Ne2 Nxc3 10. Nxc3 Bxc3+ 11. Qxc3 Bb7 12. Ba3 g5 13. O-O-O gxf4 14. exf4
Qd7 15. Rhe1 O-O-O 16. Qc5 Qd6 17. Qxd6 cxd6 18. g4 h6 19. h4 Kd7 20. f5 exf5
21. gxf5 f6 22. Re6 Kc7 23. Rxf6 h5 24. Re1 a5 25. Re7+ Kc8 26. Bxd6 Rd7 27.
Rxd7 Kxd7 28. Bc5 Rg8 29. Rf7+ Ke8 30. Re7+ Kd8 31. Rxb7 Rg4 32. f6 Ke8 33. f7+
1-0

[Event "Challenge"]
[Site "http://www.queenalice.com/game.php?id=279266"]
[Date "2007.9.30"]
[Round "-"]
[White "Delikz"]
[Black "mosca"]
[Result "1-0"]
[WhiteElo "1401"]
[BlackElo "1408"]

1. e3 e5 2. Nf3 f6 3. Bc4 d5 4. Bb3 Be6 5. Nc3 Nc6 6. e4 Nd4 7. Ba4+ c6 8. exd5
Bxd5 9. Nxd4 exd4 10. Qh5+ g6 11. Qxd5 Qxd5 12. Nxd5 Ne7 13. Nc7+ Kd7 14. Nxa8
b5 15. Bb3 Kc8 16. a4 Kb7 17. Nc7 Kxc7 18. axb5 Kb6 19. bxc6 Nxc6 20. O-O h5 21.
Re1 Ne5 22. f4 Nc6 23. Re6 Bg7 24. Bc4 Rc8 25. b4 Bf8 26. Ra6+ Kb7 27. b5 Nb8
28. Bd5+ Kc7 29. Rxa7+ Kd8 30. Rxf6 Bc5 31. b6 d3+ 32. Kf1 Nd7 33. Rf7 Nxb6 34.
Be4 Rc6 35. Bxc6 Nc8 36. Rad7+ Ke8 37. Rde7+ Kd8 38. Re8# 1-0

[Event "QA-ANNIV-03"]
[Site "http://www.queenalice.com/game.php?id=316017"]
[Date "2007.12.6"]
[Round "4"]
[White "mosca"]
[Black "dany"]
[Result "1-0"]
[WhiteElo "1386"]
[BlackElo "1279"]

1. e4 d5 2. exd5 Qxd5 3. d3 e5 4. f3 Nc6 5. c4 Qd8 6. Nc3 Bb4 7. a3 Bxc3+ 8.
bxc3 Nge7 9. g4 f6 10. h4 f5 11. gxf5 1-0